| 000 | 00573nam a2200169 4500 | ||
|---|---|---|---|
| 001 | 109573 | ||
| 003 | ES-MaACL | ||
| 005 | 20230906184853.0 | ||
| 007 | t| | ||
| 008 | 061121s1930 sp r ||||1| spa d | ||
| 100 | 1 |
_aOller Martínez, Antonio. _986917 |
|
| 245 | 1 | 0 |
_aSobre algunas anomalías y afecciones que pueden confundise con el lumbago traúmatico / _cpor Antonio Oller. |
| 260 |
_aValencia : _bRenovación Tipográfica, _c1930. |
||
| 300 |
_a12 p. ; _c26 cm. |
||
| 500 | _aEs tirada aparte de `Policlínica`. Vol. XIII, nº 149. | ||
| 852 |
_aES-MaACL _j1743-F-10 |
||
| 999 |
_c109573 _d109573 |
||